| 000 | 00618nam a2200181 i 4500 | ||
|---|---|---|---|
| 001 | 94374 | ||
| 003 | ES-MaACL | ||
| 005 | 20250829062531.0 | ||
| 007 | t| | ||
| 008 | 050428s1980 sp ||||1| spa d | ||
| 100 | 1 |
_aLorente Guarch, José Luis. _974116 |
|
| 245 | 1 | 0 |
_aComplementos de física y mecánica... / _cpor José Luis Lorente Guarch. |
| 260 |
_aMadrid : _bUniversidad Nacional de Educacion a Distancia, _c1980. |
||
| 300 |
_a6 t. en 1 vol. : _bil. ; _c30 cm. |
||
| 710 | 2 |
_aUniversidad Nacional de Educación a Distancia (España) _97405 |
|
| 852 |
_aES-MaACL _jL-2633 _bR.103647 |
||
| 999 |
_c94374 _d94374 |
||